[Event "AUS-ch"]
[Site "Cammeray"]
[Date "2018.01.03"]
[Round "2"]
[White "Hardegen, Andrew"]
[Black "Ferozkohi, Ihsan"]
[Result "0-1"]
[WhiteElo "1999"]
[BlackElo "2130"]
[PlyCount "52"]
[EventDate "2018.01.02"]
[EventType "swiss"]
[EventRounds "11"]
[EventCountry "AUS"]
[SourceTitle "CBM 182 Extra"]
[Source "ChessBase"]
[SourceDate "2018.02.23"]
[SourceVersion "1"]
[SourceVersionDate "2018.02.23"]
[SourceQuality "1"]

1. d4 Nf6 2. c4 e6 3. Nc3 d5 4. Nf3 Bd6 5. c5 Be7 6. Bf4 0-0 7. e3 a5 8. a3 Nc6 9. Qc2 b6 10. Nb5 bxc5 11. Bxc7 Qd7 12. dxc5 Ne4 13. Rc1 Ba6 14. Bd6 Rfc8 15. Qa4 Na7 16. Bxe7 Nxb5 17. b4 axb4 18. axb4 Qb7 19. Bh4 Nbc3 20. Qb3 Bxf1 21. Rxf1 Rxc5 22. Nd4 Rc4 23. f3 Rxb4 24. Rxc3 Rxb3 25. Rxb3 Ra1+ 26. Ke2 Qa6+ 0-1

[Event "Sydney op-A"]
[Site "Parramatta"]
[Date "2013.04.06"]
[Round "8"]
[White "Cabilin, Jeff"]
[Black "Ferozkohi, Ihsan"]
[Result "0-1"]
[WhiteElo "1950"]
[BlackElo "2107"]
[PlyCount "34"]
[EventDate "2013.04.03"]
[EventType "swiss"]
[EventRounds "9"]
[EventCountry "AUS"]
[SourceTitle "EXT 2023"]
[Source "ChessBase"]
[SourceDate "2022.10.05"]
[SourceVersion "1"]
[SourceVersionDate "2022.10.05"]
[SourceQuality "1"]

1. b3 c5 2. Bb2 Nc6 3. e3 Nf6 4. c4 e5 5. Nc3 d5 6. cxd5 Nxd5 7. Bb5 Ndb4 8. Bxc6+ bxc6 9. Qb1 Nd3+ 10. Kf1 Ba6 11. Nge2 Qh4 12. Nd1 Bd6 13. Qc2 e4 14. h3 f5 15. g3 Qh5 16. Bc3 Qxe2+ 17. Kg2 Qf3+ 0-1

[Event "Sydney op-A"]
[Site "Parramatta"]
[Date "2013.04.05"]
[Round "5"]
[White "Ferozkohi, Ihsan"]
[Black "Dibley, Shane"]
[Result "1-0"]
[WhiteElo "2107"]
[BlackElo "1671"]
[PlyCount "49"]
[EventDate "2013.04.03"]
[EventType "swiss"]
[EventRounds "9"]
[EventCountry "AUS"]
[SourceTitle "EXT 2023"]
[Source "ChessBase"]
[SourceDate "2022.10.05"]
[SourceVersion "1"]
[SourceVersionDate "2022.10.05"]
[SourceQuality "1"]

1. e4 e6 2. d4 d5 3. Nd2 dxe4 4. Nxe4 Bd7 5. Nf3 Bc6 6. Bd3 Nd7 7. a3 Ngf6 8. Ng3 Bxf3 9. Qxf3 c6 10. 0-0 Be7 11. b4 a6 12. Re1 0-0 13. Bg5 Re8 14. Re2 Qb6 15. Rd1 a5 16. c3 axb4 17. axb4 Ra3 18. Bd2 Rea8 19. h4 Ra1 20. Ree1 Rxd1 21. Rxd1 Ra3 22. Ne2 Qa7 23. g4 Nd5 24. g5 Qb8 25. c4 1-0

[Event "Sydney op-A"]
[Site "Parramatta"]
[Date "2013.04.04"]
[Round "3"]
[White "Ferozkohi, Ihsan"]
[Black "Wan, Dennis"]
[Result "0-1"]
[WhiteElo "2107"]
[BlackElo "1798"]
[PlyCount "82"]
[EventDate "2013.04.03"]
[EventType "swiss"]
[EventRounds "9"]
[EventCountry "AUS"]
[SourceTitle "EXT 2023"]
[Source "ChessBase"]
[SourceDate "2022.10.05"]
[SourceVersion "1"]
[SourceVersionDate "2022.10.05"]
[SourceQuality "1"]

1. Nf3 d5 2. g3 c5 3. Bg2 Nc6 4. d4 Bf5 5. 0-0 e6 6. c4 dxc4 7. Qa4 Qa5 8. Qxc4 b5 9. Qb3 c4 10. Qd1 Rd8 11. Be3 Nf6 12. Ng5 Qa6 13. Nc3 Be7 14. a4 b4 15. Nb5 0-0 16. Bxc6 Qxc6 17. Nxa7 Qd5 18. Nf3 Bh3 19. Re1 Ne4 20. b3 c3 21. Qd3 Bg5 22. Bxg5 Nxg5 23. e4 Nxf3+ 24. Qxf3 Qb7 25. Nb5 f5 26. Qh5 Bg4 27. Qg5 Bf3 28. Re3 Bxe4 29. Qf4 Qd7 30. Qe5 Bd5 31. Rb1 Rc8 32. f3 Rc6 33. Qf4 Rfc8 34. g4 Bxb3 35. Rxb3 c2 36. Re1 c1Q 37. Rxc1 Rxc1+ 38. Kg2 fxg4 39. Qxg4 R8c2+ 40. Kh3 Rh1 41. Qf4 e5+ 0-1

[Event "Sydney op-A"]
[Site "Parramatta"]
[Date "2013.04.03"]
[Round "1"]
[White "Ferozkohi, Ihsan"]
[Black "Van Wely, Loek"]
[Result "0-1"]
[WhiteElo "2107"]
[BlackElo "2684"]
[PlyCount "64"]
[EventDate "2013.04.03"]
[EventType "swiss"]
[EventRounds "9"]
[EventCountry "AUS"]
[SourceTitle "CBM 153 Extra"]
[Source "ChessBase"]
[SourceDate "2013.04.22"]
[SourceVersion "1"]
[SourceVersionDate "2013.04.22"]
[SourceQuality "1"]

1. Nf3 Nf6 2. g3 d5 3. b3 Bf5 4. Bg2 h6 5. Bb2 e6 6. 0-0 Be7 7. d3 0-0 8. Nbd2 c5 9. Nh4 Bh7 10. e4 Nc6 11. f4 Rc8 12. a4 c4 13. f5 cxd3 14. cxd3 Nb4 15. e5 Nxd3 16. Bd4 Nd7 17. f6 gxf6 18. exf6 Nxf6 19. Ndf3 Bc5 20. Bxc5 Nxc5 21. Qd2 Kg7 22. Nd4 Nce4 23. Qb2 Kg8 24. Kh1 Qb6 25. Rad1 Ng4 26. Rde1 f5 27. a5 Qd6 28. Rf3 Qe5 29. Qa1 Rf7 30. h3 Ngf6 31. g4 fxg4 32. Rfe3 Qg5 0-1

[Event "Perth Metro Club-ch"]
[Site "Perth"]
[Date "2012.03.15"]
[Round "5"]
[White "Kueh, Michael"]
[Black "Ferozkohi, Ihsan"]
[Result "0-1"]
[WhiteElo "1999"]
[BlackElo "2149"]
[PlyCount "70"]
[EventDate "2012.02.09"]
[EventType "tourn"]
[EventRounds "9"]
[EventCountry "AUS"]
[SourceTitle "EXT 2013"]
[Source "ChessBase"]
[SourceDate "2012.11.22"]
[SourceVersion "1"]
[SourceVersionDate "2012.11.22"]
[SourceQuality "1"]

1. d4 e6 2. Nf3 Nf6 3. c4 Bb4+ 4. Nbd2 d5 5. g3 0-0 6. Bg2 b6 7. 0-0 Bb7 8. Qc2 Nbd7 9. a3 Bd6 10. b4 c5 11. cxd5 exd5 12. bxc5 bxc5 13. Rb1 Ba6 14. Re1 Re8 15. e3 cxd4 16. Nxd4 Rc8 17. Qa2 Qa5 18. Rd1 Ne5 19. N2b3 Qa4 20. Nf5 Bf8 21. Rd4 Qc6 22. Bd2 g6 23. Nh4 Bc4 24. Qa1 Qa4 25. Bb4 Bxb4 26. axb4 Bxb3 27. Qb2 Bc4 28. Bh3 Rb8 29. e4 Nxe4 30. f3 Nf6 31. f4 Nd3 32. Qc3 Ne4 33. Rxe4 Rxe4 34. Qf6 Qe8 35. Rf1 Rb6 0-1

[Event "AUS-ch Major"]
[Site "Geelong"]
[Date "2011.12.30"]
[Round "4"]
[White "Liu, Yi"]
[Black "Ferozkohi, Ihsan"]
[Result "0-1"]
[WhiteElo "2039"]
[BlackElo "2125"]
[PlyCount "76"]
[EventDate "2011.12.27"]
[EventType "swiss"]
[EventRounds "11"]
[EventCountry "AUS"]
[SourceTitle "CBM 146 Extra"]
[Source "ChessBase"]
[SourceDate "2012.02.29"]
[SourceVersion "1"]
[SourceVersionDate "2012.02.29"]
[SourceQuality "1"]

1. d4 d5 2. c4 e6 3. Nc3 Nf6 4. Nf3 Nc6 5. Bf4 dxc4 6. e3 Bb4 7. Qc2 Nd5 8. Bg3 b5 9. a4 0-0 10. axb5 Na5 11. Nd2 f5 12. Be5 Bb7 13. Nxc4 Nxc4 14. Bxc4 Qg5 15. h4 Qxg2 16. 0-0-0 Rf7 17. Rhg1 Qf3 18. Rg3 Qh5 19. Qb3 Bxc3 20. bxc3 Qxh4 21. Rdg1 g6 22. f3 Kf8 23. Be2 Nxe3 24. Qxe6 Re8 25. Qa2 c5 26. bxc6 Bxc6 27. f4 Nd5 28. Bf3 Rxe5 29. fxe5 Qd8 30. c4 Nb4 31. Qa3 a5 32. d5 Bb7 33. e6 Rc7 34. Be2 Qxd5 35. e7+ Ke8 36. Re1 Kf7 37. Kb2 Qd2+ 38. Kb3 Qc2# 0-1

[Event "AUS-ch Major"]
[Site "Geelong"]
[Date "2011.12.29"]
[Round "3"]
[White "Ferozkohi, Ihsan"]
[Black "Bird, Andrew"]
[Result "1-0"]
[WhiteElo "2125"]
[BlackElo "2216"]
[PlyCount "51"]
[EventDate "2011.12.27"]
[EventType "swiss"]
[EventRounds "11"]
[EventCountry "AUS"]
[SourceTitle "CBM 146 Extra"]
[Source "ChessBase"]
[SourceDate "2012.02.29"]
[SourceVersion "1"]
[SourceVersionDate "2012.02.29"]
[SourceQuality "1"]

1. c4 e6 2. d4 d5 3. Nc3 Nf6 4. e3 Be7 5. Bd3 b6 6. cxd5 exd5 7. Nge2 0-0 8. 0-0 Bb7 9. b3 Nbd7 10. Bb2 Ne4 11. Bxe4 dxe4 12. Qc2 f5 13. Nf4 Bd6 14. Nce2 Rf6 15. d5 Rh6 16. f3 Qh4 17. h3 exf3 18. Rxf3 Ne5 19. Rg3 Ng6 20. Qxf5 Bxf4 21. Qe6+ Kh8 22. exf4 Rg8 23. f5 Ba6 24. f6 Bxe2 25. fxg7+ Rxg7 26. Qe8+ 1-0

[Event "AUS-ch Major"]
[Site "Geelong"]
[Date "2011.12.27"]
[Round "1"]
[White "Ferozkohi, Ihsan"]
[Black "Illingworth, Max"]
[Result "1/2-1/2"]
[WhiteElo "2125"]
[BlackElo "2401"]
[PlyCount "81"]
[EventDate "2011.12.27"]
[EventType "swiss"]
[EventRounds "11"]
[EventCountry "AUS"]
[SourceTitle "CBM 146 Extra"]
[Source "ChessBase"]
[SourceDate "2012.02.29"]
[SourceVersion "1"]
[SourceVersionDate "2012.02.29"]
[SourceQuality "1"]

1. c4 Nf6 2. d4 g6 3. Nc3 d5 4. cxd5 Nxd5 5. e4 Nxc3 6. bxc3 Bg7 7. Nf3 c5 8. Bb5+ Nc6 9. 0-0 cxd4 10. cxd4 0-0 11. Be3 Bg4 12. Bxc6 bxc6 13. Rc1 Qa5 14. Qd2 Qa6 15. Ne5 Bxe5 16. dxe5 Rfd8 17. Qb4 Rd7 18. h3 Be6 19. Rfd1 Rb7 20. Qc3 Rc7 21. Bh6 Qxa2 22. Ra1 Qe2 23. Rd4 c5 24. Rda4 c4 25. f3 Rb7 26. R4a2 Qd3 27. Qc1 c3 28. Rc2 Rc8 29. Ra3 Bb3 30. Rd2 Qc4 31. Rf2 Rd7 32. Kh2 c2 33. Qb2 Rd3 34. Rxa7 Qc5 35. e6 f6 36. Rd7 Qxf2 37. Rxd3 g5 38. Rxb3 Qc5 39. Qc1 Qd6+ 40. f4 Qxe6 41. Rg3 1/2-1/2

[Event "Karl Mala Memorial op 12th"]
[Site "Frankfurt"]
[Date "2009.07.18"]
[Round "5"]
[White "Will, Dominik"]
[Black "Ferozkohi, Ihsan"]
[Result "0-1"]
[WhiteElo "1931"]
[BlackElo "2126"]
[PlyCount "76"]
[EventDate "2009.07.16"]
[EventType "swiss"]
[EventRounds "7"]
[EventCountry "GER"]
[SourceTitle "EXT 2010"]
[Source "ChessBase"]
[SourceDate "2010.11.25"]
[SourceVersion "1"]
[SourceVersionDate "2010.11.25"]
[SourceQuality "1"]

1. e4 d5 2. exd5 Qxd5 3. Nc3 Qa5 4. d4 Nf6 5. Bc4 e6 6. Nf3 Be7 7. Bd2 c6 8. Qe2 0-0 9. Nd5 Qd8 10. Nxe7+ Qxe7 11. Ne5 b5 12. Bd3 Nd5 13. Qe4 f5 14. Qe2 c5 15. dxc5 Qxc5 16. 0-0-0 b4 17. Kb1 Nd7 18. Nxd7 Bxd7 19. Bc4 Rac8 20. Bxd5 Qxc2+ 21. Ka1 exd5 22. Qe7 Bc6 23. Bxb4 Rfe8 24. Qg5 h6 25. Qd2 Re2 26. Qd4 Re4 27. Qd2 Qa4 28. Bc3 d4 29. Bb4 Bd5 30. Ba3 Rc2 31. Qb4 Qxb4 32. Bxb4 Rxf2 33. Bc5 Rxg2 34. Bxd4 g5 35. Bxa7 Bxa2 36. Rd8+ Kf7 37. Bc5 Bb3 38. Ba3 Rge2 0-1

[Event "Karl Mala Memorial op 12th"]
[Site "Frankfurt"]
[Date "2009.07.17"]
[Round "3"]
[White "Solonar, Stefan"]
[Black "Ferozkohi, Ihsan"]
[Result "1-0"]
[WhiteElo "2364"]
[BlackElo "2126"]
[PlyCount "69"]
[EventDate "2009.07.16"]
[EventType "swiss"]
[EventRounds "7"]
[EventCountry "GER"]
[SourceTitle "EXT 2010"]
[Source "ChessBase"]
[SourceDate "2010.11.25"]
[SourceVersion "1"]
[SourceVersionDate "2010.11.25"]
[SourceQuality "1"]

1. c4 e6 2. Nc3 d5 3. d4 Nf6 4. Nf3 c6 5. e3 Bd6 6. Bd3 Nbd7 7. 0-0 0-0 8. e4 dxe4 9. Nxe4 Nxe4 10. Bxe4 f5 11. Bc2 e5 12. Bg5 Be7 13. Bxe7 Qxe7 14. Nxe5 Nxe5 15. Re1 Qb4 16. dxe5 Be6 17. b3 Rad8 18. Qc1 Kh8 19. Qe3 f4 20. Qf3 Rd2 21. Re2 Rxe2 22. Qxe2 Qc3 23. Rd1 f3 24. Qd3 Qxd3 25. Rxd3 fxg2 26. Kxg2 g6 27. Kg3 Kg7 28. Rd6 Re8 29. f4 Re7 30. f5 Bxf5 31. Bxf5 gxf5 32. Kf4 Rf7 33. e6 Rf8 34. Ke5 Re8 35. Rd2 1-0

[Event "Hessen-ch U18"]
[Site "Bad Homburg"]
[Date "2005.??.??"]
[Round "5"]
[White "Sander, Jacob"]
[Black "Ferozkohi, Ihsan"]
[Result "1/2-1/2"]
[WhiteElo "1640"]
[BlackElo "1628"]
[PlyCount "35"]
[EventDate "2005.04.??"]
[EventType "swiss"]
[EventRounds "8"]
[EventCountry "GER"]
[SourceTitle "EXT 2007"]
[Source "ChessBase"]
[SourceDate "2006.11.23"]
[SourceVersion "1"]
[SourceVersionDate "2006.11.23"]
[SourceQuality "1"]

1. e4 d5 2. exd5 Qxd5 3. Nc3 Qd6 4. d4 Nf6 5. Nge2 Bg4 6. f3 Bh5 7. Ng3 Bg6 8. Nge4 Nxe4 9. Nxe4 Bxe4 10. fxe4 e5 11. c3 Nd7 12. Be3 Qg6 13. Qf3 0-0-0 14. Bd3 exd4 15. cxd4 Bb4+ 16. Ke2 Rhe8 17. Rhf1 Ne5 18. Qf5+ 1/2-1/2